|
|
|
|
| LEADER |
00000nas a22000001a 4500 |
| 001 |
vtls010300498 |
| 003 |
SK-MaSNL |
| 005 |
20260228161732.0 |
| 008 |
110810d19441944xo mr p r 0 b0slo |
| 015 |
|
|
|a SNBDS17XX9999
|
| 015 |
|
|
|a 0585
|2 Fedor 1939-44
|
| 038 |
|
|
|a SNKBUDS
|
| 040 |
|
|
|a SNK
|b slo
|c SNK
|e AACR2
|
| 041 |
0 |
|
|a slo
|
| 044 |
|
|
|a xo
|c SK
|
| 245 |
0 |
0 |
|a Spolupráca
|b interný orgán firmy „Rolný“, slov. úč. spol. [do 7/I (15.4.1944)]
|
| 260 |
|
|
|a Žilina
|b Jozef Vaverka
|c 1944
|
| 300 |
|
|
|a 1 roč.
|c 31 x 24 cm
|
| 310 |
|
|
|a 1x mesačne
|b 11/I 1944-16/I 1944
|
| 321 |
|
|
|a 2x mesačne
|b 1/I 1944-10/I 1944
|
| 362 |
0 |
|
|a Roč. I, č. 1 (1944)-č. 16 (1944)
|
| 500 |
|
|
|a Zmena podnázvu: od 9-10/I (15.5.1944) - do 13-14/I (júl-august 1944) Orgán firmy Rolný
|
| 500 |
|
|
|a Vych. v Žiline dvojtýždenne [do 9-10/I (15.5.1944)]; mesačne [(od 11-12/I (jún-júl 1944)]
|
| 500 |
|
|
|a Ved. a zodp. red. Belo Marek
|
| 500 |
|
|
|a Vyd. Jozef Vaverka
|
| 500 |
|
|
|a Tlač. Melantrich, Žilina - textovú časť ( 1-2/I ); Neografia, Martin – obálku (1-2/I ); Kníhtlač. Gardista, Žilina [od 3/I (15.2.1944) - do 13-14/I (júl-august 1944)]; Neografia, Martin [od 11-12/I (jún-júl 1944)]; Kníhtlač. úč. spol. Martin (od 15/I)
|
| 505 |
8 |
0 |
|g Roč. I. 1944 16 čís. 168 s.
|
| 520 |
|
|
|a Závodný dvojtýždenník, neskôr mesačník, povolený výmerom Štát. polic. úradu v Žiline čís. 7570/1943-prez. z 15.10.1943. Donášal aj články z dejín obliekania, modely, literatúru a v zábavnej časti krížovky
|
| 580 |
|
|
|a Vychádzal ako pokračovanie rozmnožovaného časopisu Zpravodaj
|
| 610 |
2 |
7 |
|a Rolný (firma : Žilina)
|x časopisy
|2 SNKBUDS
|9 269418
|
| 655 |
|
7 |
|a hospodárske časopisy
|2 SNKBUDS
|9 265246
|
| 655 |
|
7 |
|a podnikové časopisy
|2 SNKBUDS
|9 265225
|
| 700 |
1 |
|
|a Marek, Belo
|4 pbd
|9 269419
|
| 710 |
2 |
|
|a Melantrich (Žilina)
|e tlač.
|9 269296
|
| 710 |
0 |
|
|a Vaverka , Jozef
|e vydav.
|9 269420
|
| 710 |
2 |
|
|a Neografia, úč. spol. (Martin, Slovensko)
|9 268971
|
| 710 |
2 |
|
|a Tlačiareň Gardista (Žilina)
|9 269421
|
| 710 |
2 |
|
|a Kníhtlačiarsky účastinársky spolok (Martin, Slovensko)
|9 93127
|
| 780 |
0 |
0 |
|t Zpravodaj
|
| 852 |
|
|
|a SNK
|b 10000
|h ČSB 1149
|
| 852 |
|
|
|a UKB
|b 300000
|h SB 809
|
| 999 |
|
|
|c 5983
|d 7913
|